01729nam a2200445 i 450000100060000000300080000600500170001400600190003100700150005000800410006502000180010602000270012403500220015104000310017305000220020408000180022608200170024424501460026126400590040730000580046633600310052433700330055533800430058849000170063158800680064859001620071665000470087865000280092565000340095365000320098765000240101965000250104365100140106865500250108270000460110779700180115383000180117185600770118999900170126698044FlNmELB20241217172725.0m o d | cr cnu||||||||190610s2017 mx a o 000 0 spa d z9786079426927 a9781512953893 (e-book) a(OCoLC)1128458346 aFINmELBbspaerdacFINmELB 4aPQ7111bR766 2017 a821.134.2(72)0 a860.997222300aRomper con la palabra :bviolencia y género en la obra de escritoras mexicanas contemporáneas /cAdriana Pacheco Roldán (coordinadora). 1aMéxico, D.F. :bEdiciones y Gráficos Eón,c2017. a1 recurso en línea (206 páginas) :bilustraciones atextobtxt2rdacontent/spa acomputadorabc2rdamedia/spa arecurso en líneabcr2rdacarrier/spa1 aEón ensayo aDescripción basada en el editor de metadatos y otras fuentes. aRecurso electrónico. Santa Fe, Arg.: elibro, 2018. Disponible vía World Wide Web. El acceso puede estar limitado para las bibliotecas afiliadas a elibro. 0aMexican literaturexHistory and criticism. 0aViolence in literature. 0aGenre identity in literature. 4aLiteratura latinoamericana. 4aHistoria literaria. 4aCrítica literaria. 4aMéxico. 4aLibros electronicos.1 aPacheco Roldán, Adriana,ecoordinadora.2 aelibro, Corp. 0aEón ensayo.40uhttps://elibro.net/ereader/politecnicointernacional/41141zClick to View c98044d98044